| 000 | 02029nam a2200457 i 4500 | ||
|---|---|---|---|
| 001 | 193180 | ||
| 003 | SpMaBN | ||
| 005 | 20240826063031.0 | ||
| 007 | ta | ||
| 008 | 221111s2022 sp a | ||||o000 0 spa | ||
| 015 | _aMON22 | ||
| 017 |
_aAS 1944-2022 _bOficina Depósito Legal Asturias |
||
| 035 | _aa7188325 | ||
| 040 |
_aSpMaBN _bspa _cSpMaBN _erda _dEs-MaACL |
||
| 080 | _a7(460)(083.824) | ||
| 080 | _a908(460.12 Covadonga)(0:7)(083.824) | ||
| 245 | 0 | 0 |
_aCuadonga : _ba través del arte = Covadonga : a través del arte / _c[comisaria, Alicia Vallina ; textos, Alicia Vallina, María Antonia Herradón Figueroa] |
| 246 | 3 |
_aCovadonga : _ba través del arte |
|
| 264 | 1 |
_a[Oviedo] : _bPrincipáu d'Asturies, _c[2022] |
|
| 300 |
_a89 páginas, 5 páginas sin numerar : _bilustraciones (blanco y negro y color) ; _c24 cm |
||
| 336 |
_aTexto _aImagen fija _2rdacontent |
||
| 337 |
_asin mediación _2rdamedia |
||
| 338 |
_avolumen _2rdacarrier |
||
| 500 | _aEn portada: Covadonga 2022 Cuadonga; Sabadell | ||
| 546 | _aTexto en español; introducción en español y en bable | ||
| 585 | _aExposición: Sala de exposiciones Sabadell Herrero, Oviedo, del 9 de septiembre al 6 de noviembre de 2022 | ||
| 650 | 4 |
_aArte español- _vExposiciones _2embne _910192 |
|
| 651 | 0 |
_aCovadonga- _xEn el arte- _vExposiciones _2embne _9234271 |
|
| 655 | 7 |
_aCatálogos de exposiciones _2tgfbne _9193628 |
|
| 700 | 1 |
_aVallina, Alicia, _d1976- _eorm _eaut _9234272 |
|
| 700 | 1 |
_aHerradón Figueroa, María Antonia _9234273 _eaut |
|
| 710 | 2 |
_aSala de Exposiciones Sabadell-Herrero (Oviedo) _9234274 _ehis |
|
| 852 |
_aES-MaACL _9200556 _bR.154584 _jN-9343 _cDEPOJ _hDonación: Alicia Vallina _xEncuadernación rústica con solapas |
||
| 903 |
_aVallina, Alicia, _d1976- _ednr _9234272 |
||
| 942 |
_n0 _cMONOGRAFIA |
||
| 999 |
_c193180 _d193180 |
||